000 00700nam a22002057a 4500
003 OSt
008 230517b2016 |||||||| |||| 00| 0 eng d
020 _a9789355735577
082 _a658.40302855369
_bALB-V
100 _aAlbright, S. Christian
245 _aVBA for modelers :
_bdeveloping decision support systems with Microsoft Excel /
_cS. Christian Albright
250 _a5th ed.
260 _aDelhi :
_bCengage Learning,
_c2016.
300 _axxi, 710 p. ;
650 _aDecision support systems
650 _aMicrosoft Excel (Computer file)
650 _aMicrosoft Visual Basic for applications
650 _aVisual Basic for Applications (Computer program language)
942 _2ddc
_cBK
_03
999 _c19542
_d19542